<?xml version="1.0" encoding="UTF-8"?>
<record
    xmlns:xsi="http://www.w3.org/2001/XMLSchema-instance"
    xsi:schemaLocation="http://www.loc.gov/MARC21/slim http://www.loc.gov/standards/marcxml/schema/MARC21slim.xsd"
    xmlns="http://www.loc.gov/MARC21/slim">

  <leader>02326nab a2200265 a 4500</leader>
  <controlfield tag="005">20250203075803.0</controlfield>
  <controlfield tag="007">ta</controlfield>
  <controlfield tag="008">250128e2022    dr uu|p|r||||||0| 0 spa d</controlfield>
  <datafield tag="022" ind1=" " ind2=" ">
    <subfield code="a">2636-1981</subfield>
  </datafield>
  <datafield tag="040" ind1=" " ind2=" ">
    <subfield code="a">DO-SdBNP</subfield>
    <subfield code="c">DO-SdBNP</subfield>
    <subfield code="e">rda</subfield>
  </datafield>
  <datafield tag="041" ind1=" " ind2=" ">
    <subfield code="h">spa</subfield>
  </datafield>
  <datafield tag="100" ind1=" " ind2=" ">
    <subfield code="a">D&#xED;az, Miguel A.</subfield>
    <subfield code="9">86924</subfield>
  </datafield>
  <datafield tag="245" ind1=" " ind2=" ">
    <subfield code="a">El sector minero : </subfield>
    <subfield code="b">&#xBF;potencial reserva fr&#xED;a de la econom&#xED;a Dominicana? /</subfield>
    <subfield code="c">Miguel A. D&#xED;az</subfield>
  </datafield>
  <datafield tag="264" ind1=" " ind2=" ">
    <subfield code="a">Santo Domingo, Rep&#xFA;blica Dominicana : </subfield>
    <subfield code="b">Sociedad Dominicana de Geolog&#xED;a (SODOGEO), </subfield>
    <subfield code="c">2022</subfield>
  </datafield>
  <datafield tag="300" ind1=" " ind2=" ">
    <subfield code="a">p&#xE1;ginas 21 ;</subfield>
    <subfield code="c">28 cm.</subfield>
  </datafield>
  <datafield tag="310" ind1=" " ind2=" ">
    <subfield code="a">Desconocida.</subfield>
  </datafield>
  <datafield tag="336" ind1=" " ind2=" ">
    <subfield code="a">texto</subfield>
    <subfield code="b">txt</subfield>
    <subfield code="2">rdacontent</subfield>
  </datafield>
  <datafield tag="337" ind1=" " ind2=" ">
    <subfield code="a">sin mediaci&#xF3;n </subfield>
    <subfield code="b">n</subfield>
    <subfield code="2">rdamedia</subfield>
  </datafield>
  <datafield tag="338" ind1=" " ind2=" ">
    <subfield code="a">volumen</subfield>
    <subfield code="b">nc</subfield>
    <subfield code="2">rdacarrier</subfield>
  </datafield>
  <datafield tag="362" ind1=" " ind2=" ">
    <subfield code="a">Volumen 18, No. 47, Agosto 2022</subfield>
  </datafield>
  <datafield tag="521" ind1=" " ind2=" ">
    <subfield code="a">Se plantea la pregunta de si el sector minero puede actuar como reserva fr&#xED;a de la econom&#xED;a dominicana. El an&#xE1;lisis de tres tipos de cheques externos: dos que han ocurrido recientemente y uno por venir constituye el punto de partida para explicar como la econom&#xED;a dominicana reaccion&#xF3; o est&#xE1; reaccionando y c&#xF3;mo podr&#xED;a reaccionar a futuros choques externos. Se concluye que el sector minero ha demostrado que puede ser la reserva fr&#xED;a de la econom&#xED;a dominicana, pero a la vez destaca la importancia de que el pa&#xED;s utilice el m&#xE9;todo cient&#xED;fico para tomar decisiones basadas en la evidencia cient&#xED;fica, tanto en proyectos presentes, como futuros, de tal forma que la evaluaci&#xF3;n de los aspectos ambientales, econ&#xF3;micos y sociales forme parte intr&#xED;nseca de ellos. En conclusion, sector minero puede ser la reserva fr&#xED;a de la econom&#xED;a dominicana si permitimos, como sociedad, que los proyectos de exploraci&#xF3;n avancen hasta la fase de estudios, de tal forma que podamos evaluar y tomar podamos evaluar y tomar decisiones sobre cada proyecto desde el punto de vista ambiental, econ&#xF3;mico y social, basados en la evidencia cient&#xED;fica. El m&#xE9;todo cient&#xED;fico tiene t&#xE9;cnicas y procedimientos exitosos para determinar la verdad cient&#xED;fica que garantiza a la sociedad la certeza de siempre sentirse segura de las decisiones que adopta.       </subfield>
  </datafield>
  <datafield tag="650" ind1=" " ind2="0">
    <subfield code="a">Mineria </subfield>
    <subfield code="9">26253</subfield>
    <subfield code="v">Publicaciones peri&#xF3;dicas</subfield>
    <subfield code="z">Rep&#xFA;blica Dominicana</subfield>
  </datafield>
  <datafield tag="773" ind1="0" ind2=" ">
    <subfield code="0">58091</subfield>
    <subfield code="9">320187</subfield>
    <subfield code="a">Sociedad Dominicana de Geolog&#xED;a (SODOGEO)</subfield>
    <subfield code="o">2025-0525</subfield>
    <subfield code="t">Geo noticias /</subfield>
    <subfield code="x">2636-1981</subfield>
  </datafield>
  <datafield tag="942" ind1=" " ind2=" ">
    <subfield code="2">ddc</subfield>
    <subfield code="c">ISSUE</subfield>
  </datafield>
  <datafield tag="999" ind1=" " ind2=" ">
    <subfield code="c">58094</subfield>
    <subfield code="d">58094</subfield>
  </datafield>
</record>
